| 000 | 00388nam a22001457a 4500 | ||
|---|---|---|---|
| 999 |
_c257422 _d257421 |
||
| 003 | OSt | ||
| 005 | 20181120132639.0 | ||
| 008 | 181120b xxu||||| |||| 00| 0 eng d | ||
| 020 | _a9789386832450 | ||
| 040 | _cn/a | ||
| 050 |
_aCT21 _b.M448 2018 |
||
| 245 | _aThe call of the peacock / a memoir of Mahendra N. Mehta | ||
| 260 |
_aNew Delhi _bHay House Publishers _c2018 |
||
| 942 |
_2lcc _cBK |
||